00543nam a2200169 a 450000100060000000300090000600800410001502000180005604000280007424500740010226000490017630000210022549000280024665000360027465000230031065000400033324430CO-ViMGA141112s2004 ck r 000 u spa d a9789589177631 aCO-ViMGAbspacCO-ViMGA10aLeer es mi cuento 1 de viva voz : brelatos y poemas para leer juntos aBogotá : bMinistério da Cultura, c2011 a32 p. : il. col. aLeer es mi cuento ; v114aCUENTOS CLASICOS - COLECCIONES 14aDESDE LOS 6 AÑOS14aLEER ES MI CUENTO - COLECCION 2011